000 00569nam a2200205 a 4500
005 20210219152949.0
008 991125n 000 0 spa u
035 _aUPN01000069358
100 _aBYERS, Victor
222 _aPEDAGOGIA: REVISTA DE LA UNIVERSIDAD PEDAGOGICA NACIONAL
245 _aEl contenido y la forma en matemáticas
300 _a111-122
362 _a1991, vol. 7, no. 21 (ene.-jun.)
653 0 _aCURRICULUM
653 0 _aENSEÑANZA
653 0 _aMATEMATICAS
700 _aERLMANGER, Stanley
904 _aAC
_b007169
905 _aArticulo
999 _c64944
_d64944